000 00568nam a2200145 a 4500
008 120416s0000 ||||||||||||||||| || u
020 _a9982070770
050 _aBV 652.1 Gam
100 _aGamache, Joseph
245 1 0 _aAkatabo ka ntungulushi
246 _aa bemba handbook for catechists, prayer leaders and other church leaders
260 _aNdola
_bMission Press
_c1997
350 _a0.00
995 _D0.00
_FCBU-MAIN LIBRARY (Kitwe)
_H1
_I10000.00
_M1
_UAVAILABLE
_WJun 5, 2006
_ZMain Library Open Access Collection
999 _c34046
_d34046